LEADER 00774nam a2200205 i 4500 001 000000211416 003 CaOOAMICUS 005 20230601161215.0 008 120301s1959 xx u000 u fre u 013 $a190229 040 $aSeMil$bita 245 10$a2: Histoire de l'Église. 300 $a137 p., [75] c. di tav. 650 4$aSpiritualità.$0(OLS)http://semarc/subject/5428 700 1 $aColomb, Joseph <1902-1979>.$0(OLS)http://semarc/name/395 773 0 $aColomb, Joseph <1902-1979>$tAu souffle de l'esprit.$dTournai (Belgium) : Desclée & C., 1960.$g2$w()548 850 $aSeMil 852 $aSeMil$W1$xVenegono$y1$m2C III 188$j241099$B161856$CSeMilBibl$Z2$F173172 $81 996 $6245$a2: Histoire de l'Église$9(OLS)http://semarc/title/444159 LEADER 00841nam a2200205 i 4500 001 000000043251 003 CaOOAMICUS 005 20120905000000.0 008 120905s1842 it u000 u ita u 013 $a14421 040 $aSeMil$bita 100 1 $aRiccardi, Antonio,$d<1788-1844>.$0(OLS)http://semarc/name/2834 245 10$aAndiamo alla fede colla ragione :$bdissertazione /$cdel proposto d. Antonio Riccardi. 260 $aBergamo :$bStamperia Natali,$c1842. 300 $a308 p. ;$c20 cm. 650 4$aFede e ragione.$0(OLS)http://semarc/subject/4335 850 $aSeMil 852 $aSeMil$W1$xVenegono$y1$m2B II 44 FA$j9406$B9406$CSeMilBibl$Z2$F9406 $8I 996 $6245$aAndiamo alla fede colla ragione :$bdissertazione$9(OLS)http://semarc/title/63481 996 $6260$aBergamo :$bStamperia Natali$9(OLS)http://semarc/publisher/40400